| 000 | 00619nam a2200205 u 4500 | ||
|---|---|---|---|
| 005 | 20240924070347.0 | ||
| 008 | 100922s2007 r 000 0 eng d | ||
| 020 | _a9788493517519 | ||
| 035 | _aUPN01000177852 | ||
| 049 | _aCG | ||
| 050 | 4 |
_aPQ6722 I4 _bB6.7 |
|
| 100 | 1 |
_aVillar Pinto, Miguel Angel, _d1977- _934407 |
|
| 245 | 1 | 4 |
_aLos bosques perdidos / _cMiguel Angel Villar Pinto; il. Alvaro Busto Castelli. |
| 260 |
_aSevilla, Esp. : _bMater, _c2007. |
||
| 300 |
_a112 p. : _bil. |
||
| 440 | 3 | _aLa Vía Láctea | |
| 650 | 0 |
_aLiteratura juvenil española _912359 |
|
| 650 | 0 |
_aFantasía _911180 |
|
| 905 | _aLibro | ||
| 999 |
_c149955 _d149955 |
||